000
00300nam a22001217a 4500
020
_a
9781521215005
082
_a
341.37
_b
VIE
245
_a
Vienna Convention on the Law of the Treaties /
_c
Editor J. Carnevalli
260
_c
2017.
300
_a
48 p. ;
_c
23 cm.
563
_a
PBK.
942
_2
ddc
_c
BK
999
_c
590483
_d
590483